Building a Christian home. (Record no. 13225)

000 -LEADER
fixed length control field 00547nam a2200181 a 4500
001 - CONTROL NUMBER
control field :::00011043$&:&@@
003 - CONTROL NUMBER IDENTIFIER
control field OkBaRHE
005 - DATE AND TIME OF LATEST TRANSACTION
control field 20000607103405.0
008 - FIXED-LENGTH DATA ELEMENTS--GENERAL INFORMATION
fixed length control field s1960 j 000 0 eng u
040 ## - CATALOGING SOURCE
Transcribing agency
100 1# - MAIN ENTRY--PERSONAL NAME
Personal name Brandt, Henry R.
245 10 - TITLE STATEMENT
Title Building a Christian home.
260 ## - PUBLICATION, DISTRIBUTION, ETC. (IMPRINT)
Place of publication, distribution, etc Wheaton, IL., :
Name of publisher, distributor, etc Scripture Press
Date of publication, distribution, etc c1960
300 ## - PHYSICAL DESCRIPTION
Extent 158 p. : illus. ;
Dimensions 20 cm.
650 ## - SUBJECT ADDED ENTRY--TOPICAL TERM
Topical term or geographic name as entry element Family
General subdivision Religious Life
942 ## - ADDED ENTRY ELEMENTS (KOHA)
Source of classification or shelving scheme
Koha item type Books
Copies
Full call number Shelving location Price effective from Permanent Location Copy number Source of classification or shelving scheme Withdrawn status Koha item type Not for loan Lost status Date acquired Date last seen Damaged status Barcode
BV 4526 .B65General Stacks2010-04-14RHEMA Bible Training College1  Books  2010-04-142010-04-14 11043